Entwurf der Körperlehre

Saved in:  
Bibliographic Details
Main Author: Rauch, Gregor 1747-1812 (Author)
Contributors: Griesmayer, Felix Anton -1830 (Printer) ; Hubmer, Georg -1838 (Other) ; Schell, Joseph Ludwig (Other) ; Laterner, Joseph Maximlian 1785 (Other)
Format: Electronic Book
Language:German
Check availability: HBZ Gateway
Interlibrary Loan:Interlibrary Loan for the Fachinformationsdienste (Specialized Information Services in Germany)
Published: [Erscheinungsort nicht ermittelbar] 1785
In:Year: 1785
Standardized Subjects / Keyword chains:B Mathematics
B Physics
Further subjects:B Introduction
B Ordensliteratur:Benediktiner
B Mathematics
B School program
B Physics
Online Access: Volltext (// Exemplar mit der Signatur꞉ München, Bayerische Staatsbibliothek -- Phys.g. 365 m)
Volltext (// Exemplar mit der Signatur꞉ München, Deutsches Museum -- 1900 A 1000)
Parallel Edition:Non-electronic
Sammlungen:

MARC

LEADER 00000cam a2200000 c 4500
001 774154101
003 DE-627
005 20260119131701.0
007 cr uuu---uuuuu
008 131211s1785 gw |||||o 00| ||ger c
024 7 |a urn:nbn:de:bvb:12-bsb10131826-7  |2 urn 
024 7 |a VD18 15309401  |2 vd18 
035 |a (DE-627)774154101 
035 |a (DE-576)402650425 
035 |a (DE-599)BVBBV001471758D 
035 |a (DE-604)BV001471758D 
040 |a DE-627  |b ger  |c DE-627  |e rakwb 
041 |a ger 
044 |c XA-DE 
084 |a 1  |2 ssgn 
100 1 |e VerfasserIn  |0 (DE-588)130253162  |0 (DE-627)495832790  |0 (DE-576)217055397  |4 aut  |a Rauch, Gregor  |d 1747-1812 
109 |a Rauch, Gregor 1747-1812  |a Rauch, Gregorius 1747-1812 
245 1 0 |a Entwurf der Körperlehre  |c von Prof. Gregor Rauch, Benedikt. z. h. Berg Andechs zur öffentlichen Prüfung der Herrn Joseph Ludwig Schell von Neuburg Praen. Joseph Maximilian Laterner, v. Neuburg Nob., Georg Hubmer von Breittenbrunn aus der freien Reichsherrschaft Breittenegg, Sem. im kurfürstlichen Schulhause zu Neuburg an der Donau 1785. 
246 3 0 |a Breitenbrunn Breitenegg 
264 1 |a [Erscheinungsort nicht ermittelbar]  |c 1785 
264 3 |a [Erscheinungsort nicht ermittelbar]  |b Grießmayer  |c 1785 
264 3 |a [Neuburg, Donau] 
300 |a 66 S.  |c 8° 
336 |a Text  |b txt  |2 rdacontent 
337 |a Computermedien  |b c  |2 rdamedia 
338 |a Online-Ressource  |b cr  |2 rdacarrier 
500 |a Bibliogr. Nachweis: Lindner, August: Die Schriftsteller und die um Wissenschaft und Kunst verdienten Mitglieder des Benediktiner-Ordens im heutigen Königreich Bayern vom Jahre 1750 bis zur Gegenwart, Bd. 1, Regensburg 1880, S. 296 
500 |a Vorlageform des Erscheinungsvermerks: Gedruckt bei Felix Anton Grießmayer, Kurfl. Hof- und Landschaftsbuchdrukker allda 
533 |a Online-Ausgabe  |b München  |b München  |c Deutsches Museum  |c Bayerische Staatsbibliothek  |d 2009-2023  |e 1 Online-Ressource  |7 |20092023|||||| 
535 1 |a München, Bayerische Staatsbibliothek  |3 Phys.g. 365 m 
601 |a Entwurf 
655 7 |a Einführung  |0 (DE-588)4151278-9  |0 (DE-627)104450460  |0 (DE-576)209786884  |2 gnd-content 
655 7 |a Mathematik  |0 (DE-627)096632283  |2 local 
655 7 |a Ordensliteratur:Benediktiner  |0 (DE-627)096632496  |2 local 
655 7 |a Physik  |0 (DE-627)096632720  |2 local 
655 7 |a Schulprogramm  |0 (DE-627)096633034  |2 local 
689 0 0 |d s  |0 (DE-588)4037944-9  |0 (DE-627)106234803  |0 (DE-576)209027347  |2 gnd  |a Mathematik 
689 0 |5 DE-101 
689 1 0 |d s  |0 (DE-588)4045956-1  |0 (DE-627)106199900  |0 (DE-576)209067276  |2 gnd  |a Physik 
689 1 |5 DE-101 
700 1 |e DruckerIn  |0 (DE-588)1163684201  |0 (DE-627)1028055994  |0 (DE-576)508154766  |4 prt  |a Griesmayer, Felix Anton  |d -1830 
700 1 |e Sonstige Person, Familie und Körperschaft  |0 (DE-588)1015414516  |0 (DE-627)70538120X  |0 (DE-576)350577617  |4 oth  |a Hubmer, Georg  |d -1838 
700 1 |e Sonstige Person, Familie und Körperschaft  |0 (DE-588)1015414095  |0 (DE-627)70538103X  |0 (DE-576)350576440  |4 oth  |a Schell, Joseph Ludwig 
700 1 |e Sonstige Person, Familie und Körperschaft  |0 (DE-588)1015414362  |0 (DE-627)705381137  |0 (DE-576)350577293  |4 oth  |a Laterner, Joseph Maximlian  |d 1785 
751 |a Neuburg, Donau  |4 pup 
776 0 8 |i Elektronische Reproduktion von  |a Rauch, Gregor, 1747 - 1812  |t Entwurf der Körperlehre  |d [Erscheinungsort nicht ermittelbar], 1785  |h 66 S.  |w (DE-627)774937718  |w (DE-576)9774937716  |n München, Bayerische Staatsbibliothek -- Phys.g. 365 m  |k Non-Electronic 
850 |a RedVD18-DE-12 
856 4 0 |u http://digital.deutsches-museum.de/item/BV001471758  |x Digitalisierung  |z // Exemplar mit der Signatur꞉ München, Deutsches Museum -- 1900 A 1000  |z kostenfrei  |7 0 
856 4 0 |u http://mdz-nbn-resolving.de/urn:nbn:de:bvb:12-bsb10131826-7  |x Resolving-System  |z // Exemplar mit der Signatur꞉ München, Bayerische Staatsbibliothek -- Phys.g. 365 m  |z kostenfrei  |7 0 
889 |w (DE-627)1472650425 
912 |a vd18 
935 |a mteo 
935 |i vd18 
951 |a BO 
ELC |a 1 
LOK |0 000 xxxxxcx a22 zn 4500 
LOK |0 001 4854418575 
LOK |0 003 DE-627 
LOK |0 004 774154101 
LOK |0 005 20260119125358 
LOK |0 008 260119||||||||||||||||ger||||||| 
LOK |0 040   |a DE-Tue135  |c DE-627  |d DE-Tue135 
LOK |0 092   |o n 
LOK |0 852   |a DE-Tue135 
LOK |0 852 1  |9 00 
LOK |0 866   |x SPQUE#VD (Historische deutsche Nationalbibliographie)#SPSAM#VD18 
LOK |0 935   |a ixvd  |a ixv8 
LOK |0 939   |a 19-01-26  |b l01 
OAS |a 1 
ORI |a SA-MARC-ixtheoa001.raw 
STA 0 0 |a Mathematics,Pure mathematics,Physics,Classical physics 
STB 0 0 |a Mathématiques,Physique 
STC 0 0 |a Física,Matemática 
STD 0 0 |a Fisica,Matematica 
STE 0 0 |a 数学,物理学 
STF 0 0 |a 數學,物理學 
STG 0 0 |a Física,Matemática 
STH 0 0 |a Математика,Физика 
STI 0 0 |a Μαθηματικά,Φυσική 
SYG 0 0 |a Reine Mathematik , Naturlehre